000 00922nam a22003377a 4500
001 BR2014000091
003 BR-BrBNA
005 20230928104335.0
007 ta
008 230509b bl.||||| |||| 00| 0 por d
040 _aBR-BrBNA
_bpor
_cBiblioteca Nacional de Agricultura
041 _a(Por)
072 _aK10
_b3140
090 _ 3140 BR2014000091
100 1 _aShimizu, J.Y. (ed.)
110 1 _aEMBRAPA Florestas, Colombo, PR (Brasil)
245 1 _aPínus na silvicultura brasileira
250 1 _a1. ed.
260 3 _aColombo, PR (Brasil):
_c2008.
300 _a223 p.
500 _aIncludes several bibliographies; 101 illus.; 19 tables
650 _aSILVICULTURA
650 _aPINUS SPP
650 _aPINHEIRO
650 _aPRAGA DE PLANTA
650 _aMADEIRA
650 _aTECNOLOGIA
650 _aMELHORAMENTO GENÉTICO VEGETAL
909 _a202309
_bLucia
_c55
_dLucia Elande
942 _cBK
999 _c79386
_d79386